Η ανάπτυξη της άμεσης χρηματοδότησης στην Ελλάδα
Αποθηκεύτηκε σε:
| Κύριος συγγραφέας: | |
|---|---|
| Μορφή: | Βιβλίο |
| Γλώσσα: | English |
| Δημοσίευση: |
Αθήνα :
ΚΕΠΕ,
1986
|
| Θέματα: | |
| Ετικέτες: |
Προσθήκη ετικέτας
Δεν υπάρχουν, Καταχωρήστε ετικέτα πρώτοι!
|
MARC
| LEADER | 00000nam a2200000 i 4500 | ||
|---|---|---|---|
| 001 | 1/69571 | ||
| 008 | 990216s1986 eng d | ||
| 035 | |l 10047871 | ||
| 040 | |a GR-MY-UA |b gre |e aacr | ||
| 041 | 0 | |a eng | |
| 082 | 0 | |a 338.9495 | |
| 100 | 1 | |a Παπαϊωάννου, Γεώργιος Ι. | |
| 245 | 1 | 2 | |a Η ανάπτυξη της άμεσης χρηματοδότησης στην Ελλάδα / |c Γεωργίου Ι. Παπαϊωάννου |
| 260 | |a Αθήνα : |b ΚΕΠΕ, |c 1986 | ||
| 300 | |a 195 σ. | ||
| 504 | |a Περιέχει βιβλιογραφία | ||
| 651 | 0 | |a Greece |x Economic policy. | |
| 852 | |a INST |b CHIOS |e 19990216 |h 338.9495 ΠΑΠ |p 005200014829 |q 005200014829 |t BK |y 0 | ||
| 901 | |a BIBL-1999-1 | ||
| 909 | |a Χ |b 055367 | ||
| 922 | |a 2ΔΩΡ |b 199902 |d ΛΕΜΟΝΙΑ | ||